| 000 | 00534nam a2200205Ia 4500 | ||
|---|---|---|---|
| 005 | 20220913100406.0 | ||
| 008 | 131103s9999 xx 000 0 und d | ||
| 020 | _a824768302 | ||
| 040 | _aLoreto College | ||
| 041 | _aEnglish | ||
| 082 |
_a526.8 _bMAC |
||
| 100 | _aMcdonnell, Porter W. | ||
| 245 |
_aIntroduction to map projections _cPorter W. Mcdonnell |
||
| 260 |
_aNew York _bMarcel Dekker _c1979 |
||
| 300 |
_avii,174p. _b maps. |
||
| 504 | _aIncludes index | ||
| 650 | _aMap projection | ||
| 850 | _aLCLIB | ||
| 942 | _cBK | ||
| 999 |
_c20812 _d71291 |
||